| 000 | 00364nam a22001457a 4500 | ||
|---|---|---|---|
| 003 | OSt | ||
| 005 | 20220216100050.0 | ||
| 008 | 220216b |||||||| |||| 00| 0 eng d | ||
| 020 | _a139780070682610 | ||
| 040 | _cH U | ||
| 082 |
_25th _a629.8 |
||
| 100 |
_aMcMillan _930634 |
||
| 245 | _aProcess/Industrial Instruments And Controls Hand Book | ||
| 942 |
_2ddc _cBOOKS _n0 |
||
| 999 |
_c30522 _d30522 |
||